|
|
|
|
| LEADER |
00000nam0a2200000 4500 |
| 001 |
146584 |
| 005 |
20231031144711.0 |
| 010 |
|
|
|a 5788003385
|
| 035 |
|
|
|a (RuTPU)RU\TPU\book\158887
|
| 090 |
|
|
|a 146584
|
| 100 |
|
|
|a 20081030d1990 e y0rusy50 ca
|
| 101 |
0 |
|
|a rus
|
| 102 |
|
|
|a BY
|
| 105 |
|
|
|a a z 000ay
|
| 200 |
1 |
|
|a Такими мы были
|e документальная повесть
|e для старшего школьного возраста
|f В. Л. Павлюкевич
|g литер. запись Н. Хотимский ; худож. О. Карпович
|
| 210 |
|
|
|a Минск
|c Юнацтва
|d 1990
|
| 215 |
|
|
|a 260 с.
|c ил.
|
| 225 |
1 |
|
|a Подросток
|
| 610 |
1 |
|
|a советская литература
|
| 610 |
1 |
|
|a повести
|
| 675 |
|
|
|a Р2
|v 3
|
| 700 |
|
1 |
|a Павлюкевич
|b В. Л.
|g Владимир Лаврентьевич
|
| 702 |
|
1 |
|a Хотимский
|b Н.
|4 010
|
| 702 |
|
1 |
|a Карпович
|b О.
|4 440
|
| 801 |
|
1 |
|a RU
|b 63413507
|c 20081030
|g PSBO
|
| 942 |
|
|
|c BK
|